000 00318nam a2200121Ia 4500
005 20260328101516.0
008 260328s9999||||xx |||||||||||||| ||und||
100 _aUIA
245 0 _aConstruction and ReConstruction of Towns (1945-1957) - Vol. 1 /
_cUIA
260 _b----
650 _aARQUITECTURA REGIONAL
942 _cBK
999 _c9374
_d9374